000 00774nam a22002417a 4500
999 _c15003
_d15003
003 AR-CdUCM
008 190425b ||||| |||| 00| 0 spa d
020 _a978-84-683-0375-8
040 _aMUNICIPALIDAD PROVINCIAL DEL CUSCO
_cBIBLIOTECA MUNICIPAL DEL CUSCO
041 _hspa
082 _aES / 808.8 /
_bP75
100 _aPol, Anne Marie
_933130
245 _aLas amigas :
_b¡Un extraño interno! /
260 _aBarcelona :
_bEdebé,
_c2012.
300 _a95 páginas ;
_bilustraciones,
_c18 cm.
650 _aLiteratura infantil
_9588
650 _aCuentos infantiles
_93927
650 _aSiglo XXI
_92856
700 _aDelvaux, Claire (ilustración)
_934000
700 _aCajal, Beatriu (traducción)
_934001
942 _2ddc
_cLIBROS
945 _aachl
_d2019-04-25